[Event "Cannes m"]
[Site "Cannes"]
[Date "1993.??.??"]
[Round "3"]
[White "Lautier, Joel"]
[Black "Kramnik, Vladimir"]
[Result "1-0"]
[WhiteElo "2645"]
[BlackElo "2685"]
[Annotator "Lautier,J"]
[PlyCount "109"]
[EventDate "1993.02.??"]
[EventType "match"]
[EventRounds "6"]
[EventCountry "FRA"]
[SourceTitle "CBM 034"]
[Source "ChessBase"]
[SourceDate "1993.06.01"]
[SourceVersion "1"]
[SourceVersionDate "1993.06.01"]
[SourceQuality "1"]

1. c4 {Ribli} e5 2. Nc3 d6 3. d4 exd4 4. Qxd4 Nc6 5. Qd2 (5. Qd1 {Ribli} g6 6.
Nf3 Bg7 7. Bg5 $13 {Sokolov,I-Topolov,V Elenite 1992 CBM/32}) 5... Nf6 6. b3 a5
$1 (6... Be6 {Ribli} 7. e4 Be7 (7... a5 8. Bb2 a4 9. Rd1 axb3 10. axb3 g6 (
10... Nd7 11. Nge2 Nc5 12. Nc1 Be7 13. Be2 Bf6 14. O-O O-O 15. f3 Nd4 16. Nd5
Nxe2+ 17. Qxe2 Bxb2 18. Qxb2 c6 19. Nf4 Qb6 20. Qd4 $36 {Anapolsky,S-Sokolov,A
Jurmala 1991 CBM/24}) 11. Bd3 Bg7 12. Nge2 O-O 13. O-O $14 {Lautier,
J-Piasetski,L Manila izt 1990 CBM/19 49/27}) 8. Bd3 O-O 9. Nge2 Nd7 10. Nd5
Nde5 11. Bc2 a5 12. O-O Bxd5 13. cxd5 Nb4 14. Bb2 $14 {
Aleksandria-Pholihroniade Beograd 1992 54/23}) 7. Bb2 a4 8. Rd1 (8. Nxa4 $2 d5
9. c5 (9. cxd5 Ne4 (9... Qxd5 {Ribli} 10. Qxd5 Nxd5 11. O-O-O Be6 $44) 10. Qe3
Rxa4 $1 11. bxa4 Bb4+ 12. Kd1 Qxd5+ $19) 9... Ne4 10. Qc1 Rxa4 11. bxa4 Bxc5
$17) 8... axb3 9. axb3 g6 10. e4 Bg7 11. Bd3 Nd4 $1 (11... O-O 12. Nge2 Nd7 13.
Nd5 (13. O-O Nc5 14. Bc2 {and Nd5 is impossible.}) 13... Ra2 14. Nec3 $14) 12.
Bc2 Nxc2+ 13. Qxc2 O-O 14. Nge2 Nh5 (14... Re8 15. O-O Nxe4 $2 16. Nxe4 Bxb2
17. Nxd6 $1 $16) (14... Ng4 $5 {Ribli}) 15. O-O f5 16. c5 fxe4 (16... f4 $6 17.
f3 Be6 18. cxd6 cxd6 19. Nd5 $16) 17. Nxe4 (17. cxd6 e3 $1 18. fxe3 (18. dxc7
exf2+ 19. Rxf2 Qxc7 20. Rxf8+ Kxf8 $10) 18... Rxf1+ 19. Kxf1 (19. Rxf1 Qxd6 20.
Nb5 Qc6 $10) 19... cxd6 20. Nb5 (20. Ne4 Bxb2 21. Qxb2 Qf8+ 22. Kg1 Qe7 $1)
20... Bxb2 21. Qxb2 Qb6 22. Rxd6 (22. Nxd6 Qxe3 23. Nc4 Qe7 24. Nb6 Ra6 $1 25.
Nxc8 (25. Nd5 Qf8+ 26. Kg1 Be6 $10) 25... Qf8+ 26. Kg1 Qxc8 $10) 22... Qxb5 23.
Rd8+ Kf7 24. Qh8 Qf5+ (24... Bg4 $2 25. Qf8+ Ke6 26. Rd6+ Ke5 27. Qe7+ Kf5 28.
e4#) 25. Ke1 Qb1+ 26. Kf2 Qf5+ $10) (17. Qxe4 Re8 18. Qf3 (18. Qd5+ Be6 19.
Qxb7 Rb8 20. Qc6 Rxb3) 18... Be5 19. cxd6 cxd6 20. Na4 (20. Rd2 Qh4 21. g3 Qb4
$1) 20... Bxb2 21. Nxb2 Ra2 22. Rd2 Qg5) 17... d5 $6 (17... Bxb2 18. Qxb2 Qe7
$1 19. cxd6 Qxe4 20. d7 Qe7 $1 21. dxc8=Q Raxc8 $10) 18. Bxg7 Nxg7 (18... Kxg7
19. c6 $1 {with a check of the Q in case of a pin by Bf5.}) 19. c6 $1 Bf5 20.
N2g3 (20. cxb7 Rb8 21. N2g3 Bxe4 22. Nxe4 Rxb7 23. Nc5 (23. Qc6 Rb6 $1 24.
Qxd5+ Qxd5 25. Rxd5 Rxb3 $10) 23... Rb6 $10) 20... Bxe4 21. Nxe4 Rb8 $1 22. Rd3
bxc6 (22... Ne6 $5 {Ribli}) 23. Qxc6 Rb6 24. Qc3 Re6 25. Nc5 Ree8 (25... Re2
26. b4 (26. Rd2 $14 {Ribli}) 26... Ne6 27. Nxe6 Rxe6 28. b5 Qd6 $10) 26. b4 (
26. Na6 $6 Qd6 27. Nb4 (27. Nxc7 $2 Rc8 28. Rc1 Rf7 $19) 27... Rf5 (27... c6 $2
28. Nxc6 Rc8 29. Rc1 Rf6 30. Ne7+ $18) 28. Qd2 c6 29. Rc1 Rfe5 30. g3 (30. Nxc6
$4 Qxc6 31. Rxc6 Re1+ 32. Qxe1 Rxe1#) 30... Re2) 26... c6 (26... Ne6 $10) 27.
Nb3 $1 Qd6 28. Nd4 Rf6 29. Re3 Ref8 (29... Rxe3 30. fxe3 Rxf1+ 31. Kxf1 Qxh2
32. Qxc6 (32. Nxc6 Nf5) 32... Qh1+ 33. Kf2 Qh4+ 34. Ke2 Qg4+ 35. Kd2 Qxg2+ 36.
Kc3 Qe4 $10) 30. Re2 Nf5 31. Nb3 Nh6 $6 (31... Re6 32. Rxe6 (32. Rfe1 Rfe8 $10)
32... Qxe6 33. Re1 Qf6 $10) (31... Ng7 {Ribli}) 32. h3 Nf7 33. Nc5 {
Threatening Nd7} Ng5 34. Rfe1 (34. h4 Ne6 $10) 34... R6f7 $2 (34... Ne4 $2 35.
Rxe4 $1 dxe4 36. Nxe4 $18) (34... Rf4 $1 35. Qg3 (35. Re7 Qf6 36. Qxf6 R8xf6
$10 (36... R4xf6 $2 37. Nd7)) 35... Ne4 36. Nxe4 dxe4 37. Rxe4 Rxe4 38. Rxe4
Qxg3 39. fxg3 $10) 35. h4 Ne4 36. Nxe4 dxe4 37. Qc4 Qd5 38. Rc1 $1 $16 Rf6 $6 (
38... e3 39. Qxd5 (39. fxe3 $2 Rf1+ 40. Kh2 Rxc1 41. Qxc1 Qd6+) 39... exf2+ 40.
Rxf2 cxd5 41. Rxf7 Rxf7 42. b5 Rb7 43. Rb1 Rb6 (43... Kf7 44. Kf2 Ke6 45. Ke3
Ke5 46. b6 $16) 44. Kf2 Kf7 45. Ke3 Ke6 46. Kd4 Kd6 $16) 39. Qxe4 Qxe4 40. Rxe4
Rxf2 41. Rxc6 Rf1+ 42. Kh2 R8f4 (42... Rb8 43. Rc7 Rb1 44. Ree7 R1xb4 45. Rg7+
Kh8 46. Rxh7+ Kg8 47. Rcg7+ Kf8 48. Rxg6 $18) 43. Rcc4 Rxe4 44. Rxe4 Kf7 (44...
Rb1 45. g4 $1 h6 46. g5 hxg5 47. hxg5 Rb3 48. Kg2 Kf7 49. Kf2 Rb2+ 50. Ke3 Rg2
51. Re5 $18) (44... h5 45. b5 Rb1 46. Re5 Kf7 47. Rg5 $18) 45. Kg3 (45. g4 Kf6
$1 46. Kg3 Rh1 $1 {Preventing 47.Kf4 and 48.g5+.} 47. Kf3 (47. g5+ $2 Kf5 48.
Re7 Rb1 49. Rf7+ Ke5 50. Rxh7 Rb3+ 51. Kg2 Rxb4 $10) 47... h5 $132 {with
counterplay.} (47... Rxh4 $2 48. g5+ Kxg5 49. Rxh4 Kxh4 50. b5 $18)) 45... Rb1
46. Kf4 h5 (46... Kf6 47. g4 Rf1+ 48. Ke3 Rb1 (48... Rh1 49. Kd4 h5 50. Kc5
hxg4 51. Rxg4 Kf5 52. Rc4 $18) 49. Kd3 h5 50. Kc4 $18) 47. Kg5 $1 (47. Ke5 $2 {
should prove difficult to win.} Rg1 48. Kd6 (48. Re2 Rb1) (48. b5 $2 Rb1) 48...
Rxg2 49. Rf4+ Kg7 50. b5 Rb2 51. Kc5 g5 $1 52. hxg5 Kg6 53. b6 Kxg5 54. Rb4
Rc2+ 55. Kd6 Rc8 56. b7 Rb8 57. Kc7 Rf8 58. b8=Q Rxb8 59. Rxb8 h4 60. Kd6 Kg4
61. Ke5 h3 62. Ke4 h2 63. Rh8 Kg3 64. Ke3 Kg2 $10) 47... Rb2 (47... Rg1 48. Re2
{threatening Rb2.} Rb1 49. Rf2+ Kg7 50. Rf6 Rxb4 51. Rxg6+ Kf7 52. Kxh5 $18)
48. g3 $1 Rb3 49. g4 Rd3 (49... hxg4 {would have been more testing. One sample
variation might be:} 50. Rxg4 Rd3 51. Rf4+ Kg7 52. Rc4 Rd5+ (52... Rg3+ 53. Kf4
Rg1 54. Ke5 $18) 53. Kf4 Kf6 54. Ke4 Rh5 55. Kd3 Ke6 (55... g5 56. hxg5+ Rxg5
57. Re4 $18) 56. Rd4 $18) 50. Kh6 $1 hxg4 51. Rf4+ $1 Ke7 52. Rxg4 Rd6 53. Kg7
(53. Rxg6 $2 Rd4 54. h5 Rxb4 55. Kg7 Rf4 $1) 53... Rb6 54. Re4+ Kd8 55. Kf7 (
55. Kf7 Kc7 56. Rg4 Kd7 57. Rxg6 Rxb4 58. h5 Re4 (58... Rf4+ 59. Rf6 $18 (59.
Kg7 $2 Ke7 $1)) 59. Rf6 $1 Re7+ 60. Kg6 $18) 1-0

[Event "Cannes m"]
[Site "Cannes"]
[Date "1993.??.??"]
[Round "5"]
[White "Lautier, Joel"]
[Black "Kramnik, Vladimir"]
[Result "0-1"]
[WhiteElo "2560"]
[BlackElo "2560"]
[Annotator "Ribli,Z"]
[PlyCount "92"]
[EventDate "1993.02.??"]
[EventType "match"]
[EventRounds "6"]
[EventCountry "FRA"]
[SourceTitle "CBM 034"]
[Source "ChessBase"]
[SourceDate "1993.06.01"]
[SourceVersion "1"]
[SourceVersionDate "1993.06.01"]
[SourceQuality "1"]

1. c4 e6 2. g3 d5 3. Bg2 Nf6 4. Nf3 Be7 5. O-O O-O 6. b3 a5 7. Nc3 c6 (7... d4
8. Nb5 Nc6 (8... c5 9. e3 Nc6 10. exd4 cxd4 11. d3 e5 12. Re1 Nd7 13. a3 Kh8
14. Rb1 f6 15. Nd2 Nc5 16. Ne4 Bf5 $13 {Csom,I-Huss,A SWZ-GP Suhr 1992 EXP/27})
9. d3 e5 10. e3 Bg4 11. h3 Bh5 12. g4 Bg6 13. exd4 exd4 14. Bf4 Ne8 $13 {
Kortschnoj,V-Gelfand,B Tilburg5.02 (15') 1992 CBM/32}) 8. d4 b6 9. Bb2 Ba6 10.
Nd2 Ra7 $5 (10... Nbd7 11. e4 dxc4 12. e5 Nd5 13. bxc4 Nxc3 14. Bxc3 Rb8 15.
Re1 $14 {-> E 07 Keres-Böök Kemeri 1937}) 11. Qc2 Rd7 12. e3 (12. Rfd1 $5 dxc4
13. Nxc4 Bxc4 14. bxc4 Rxd4 15. Rxd4 Qxd4 16. Ne4 (16. Nd5 $5 Qc5 17. Nxe7+
Qxe7 18. Rb1 $44) 16... Qd8 17. Rd1 $44) 12... c5 13. Rfd1 cxd4 14. exd4 Nc6
15. Nb5 Nb4 16. Qb1 Bb7 17. a3 Na6 18. Qd3 Qa8 $1 $13 {/\ dxc4} 19. Qe2 Nc7 20.
a4 Rc8 21. Rac1 Nxb5 22. axb5 Rdc7 23. Rc2 Ne8 24. Rdc1 h6 25. f4 dxc4 26. Bxb7
Qxb7 27. bxc4 Nd6 28. Qd3 a4 $1 29. Kf2 $6 (29. Ba3 $5) 29... Bf6 30. Nf3 Rd8 {
>< c4,d4} 31. Kg1 Nf5 32. c5 bxc5 33. Rxc5 Rcd7 $1 $17 34. R1c4 Be7 35. Re5 Bd6
36. Rxa4 Bxe5 37. Nxe5 Rd5 38. Rb4 Ne7 39. Qb3 Rb8 40. Ba3 Rbd8 41. b6 (41. Bb2
$5) 41... Nf5 42. Qa4 Rxd4 43. Rxd4 Nxd4 44. Qa7 Qxa7 45. bxa7 f6 46. Ng6 Ra8
0-1

[Event "Cannes m"]
[Site "Cannes"]
[Date "1993.??.??"]
[Round "6"]
[White "Kramnik, Vladimir"]
[Black "Lautier, Joel"]
[Result "1-0"]
[WhiteElo "2685"]
[BlackElo "2645"]
[Annotator "Hertneck,G"]
[PlyCount "143"]
[EventDate "1993.02.??"]
[EventType "match"]
[EventRounds "6"]
[EventCountry "FRA"]
[SourceTitle "CBM 034"]
[Source "ChessBase"]
[SourceDate "1993.06.01"]
[SourceVersion "1"]
[SourceVersionDate "1993.06.01"]
[SourceQuality "1"]

1. d4 d5 2. Nf3 Nf6 3. c4 c6 4. Nc3 dxc4 5. a4 Bf5 6. Ne5 e6 7. f3 Bb4 8. e4
Bxe4 9. fxe4 Nxe4 10. Bd2 Qxd4 11. Nxe4 Qxe4+ 12. Qe2 Bxd2+ 13. Kxd2 Qd5+ 14.
Kc2 Na6 15. Nxc4 O-O-O 16. Qe5 f6 17. Qe3 Kb8 18. Be2 Qxg2 19. Rhg1 Qxh2 20.
Rxg7 Nb4+ 21. Kb3 Nd5 22. Qf3 {This position is regarded as the critical
position of the slav piece sac by the leading experts of this line.} h5 $5 $146
{A logical move, because the pawn is less weak on h5 than on h7} (22... Qf4 23.
Rf1 Qd4 24. Qf2 Qxf2 (24... Qe4 $4 25. Rg4 {1-0 Khuzman,A-Vladimirov,E, SU 1989
}) 25. Rxf2 Kc8 $1 $13 {/\ Rd7} 26. Bg4 f5 27. Bh5 Rd7 {Shirov,A-Bareev,E,
Biel 1991, 52/377}) (22... Qh4 $5 23. a5 $6 Qd4 $36 {Hertneck,G-Finegold,B,
Bundesliga 1990, 49/(446)}) 23. Rf1 (23. Rh1 $6 Qf4 24. Rxh5 Rxh5 25. Qxh5 b5
$1 $40) 23... Rc8 (23... h4 $4 24. Rg2 $18) (23... Rhg8 24. Rxg8 Rxg8 25. Qxh5
Rg3+ 26. Ka2 Qxh5 27. Bxh5 {Wegner,H}) 24. Ka2 Rc7 25. Rfg1 Qf4 26. Qxf4 Nxf4
27. Rxc7 Kxc7 28. Rg7+ Kb8 29. Bf3 $14 Nd5 30. Nd6 (30. Na5 Nc7) 30... b6 31.
Nf7 Re8 32. Bxh5 Re7 33. Rg8+ Kc7 34. Ra8 Kb7 35. Rf8 Kc7 36. Be2 f5 $6 {><e5}
(36... Nf4 $142 {Wegner,H}) 37. Kb3 a5 (37... e5 $142 $1) 38. Ba6 Nb4 39. Be2
Nd5 40. Bc4 Nb4 41. Kc3 e5 42. Ng5 f4 43. b3 Kd6 44. Rf6+ Kd7 45. Rf5 Nd5+ 46.
Kd3 Ne3 47. Rf6 Rg7 48. Nf3 Ng4 49. Rf8 Kd6 50. Ke4 Re7 51. Ne1 Nf2+ 52. Kf3
Nd1 53. Rf6+ Kc5 54. Nd3+ Kd4 55. Rd6+ Kc3 56. Rxc6 Ne3 57. Ke4 Nxc4 58. bxc4
f3 59. Nxe5 Kd2 60. Rxb6 f2 61. Rb2+ Ke1 62. c5 f1=Q 63. Rb1+ Kf2 64. Rxf1+
Kxf1 65. c6 Ke2 66. Kd5 Kd2 67. Kd6 Re8 68. c7 Kc3 69. Nd7 Kb3 70. Nb6 Rh8 71.
Kc6 Rg8 72. Kb5 1-0

[Event "Linares 11th"]
[Site "Linares"]
[Date "1993.??.??"]
[Round "3"]
[White "Ljubojevic, Ljubomir"]
[Black "Kramnik, Vladimir"]
[Result "1/2-1/2"]
[WhiteElo "2605"]
[BlackElo "2685"]
[Annotator "Horn,Pe"]
[PlyCount "96"]
[EventDate "1993.02.??"]
[EventType "tourn"]
[EventRounds "13"]
[EventCountry "ESP"]
[EventCategory "18"]
[SourceTitle "CBM 034"]
[Source "ChessBase"]
[SourceDate "1993.06.01"]
[SourceVersion "1"]
[SourceVersionDate "1993.06.01"]
[SourceQuality "1"]

1. c4 c6 2. Nf3 d5 3. e3 Nf6 4. b3 Bg4 5. Bb2 e6 6. Be2 Nbd7 7. O-O Bd6 8. h3 (
8. cxd5 cxd5 9. Nd4 Bxe2 10. Qxe2 O-O 11. f4 Rc8 12. Nc3 a6 13. Rfc1 Qe7 14. a3
Rfe8 15. b4 Bb8 $17 {Petrosjan-Mecking, Las Palmas 1975}) 8... Bh5 (8... Bxf3
$6 9. Bxf3 $14) 9. Nc3 O-O 10. cxd5 exd5 {remis in Klinger-Miralles, Luzern
1989} (10... cxd5 $10) 11. Nd4 {Das ist das Problem bei exd5: Weiß kommt zu
einem N-Feld auf f5, das Schwarz noch viel Kopfzerbrechen bereiten wird.} Bxe2
12. Ncxe2 Re8 13. d3 Nf8 14. Qd2 a5 15. a3 Ne6 16. Nf5 Bf8 17. b4 $14 Nd7 18.
Bc3 a4 19. e4 (19. Qb2 $5) (19. Rad1 $5) 19... dxe4 20. dxe4 Nb6 21. Qc2 Qc7
22. Bb2 (22. Rad1 Red8) (22. Neg3 $5 {/\ Nh5}) 22... Nc8 {um den Nf5 zu
beseitigen} 23. Rfd1 Ne7 24. Nfd4 (24. Nd6 $6 Red8 25. e5 Nd5 26. Nf5) 24...
Ng6 25. Nxe6 Rxe6 26. Nd4 Ree8 27. Nf5 (27. g3 $5 Ne5 28. Nf5 g6) 27... Nf4 28.
Rd2 Rad8 $1 29. Rad1 (29. Rxd8 Rxd8 30. Qxa4 Rd2 $17) 29... b5 30. Kf1 (30.
Rxd8 $5 Rxd8 31. Rxd8 Qxd8 32. Nd4 (32. Qxc6 $2 Qd1+ 33. Kh2 Ne2 $19) 32... Qg5
33. g3 c5 (33... Nxh3+ 34. Kg2 Nf4+ 35. Kf1 $16) 34. bxc5 Bxc5 35. Kh2 $13) (
30. Nd4 $5 Rc8 (30... Rd6 $4 31. Nxb5) (30... c5 31. Nxb5 Qb6 32. Rxd8 Rxd8 33.
Rxd8 Qxd8 34. bxc5) 31. Rc1 Qb6 $13) (30. Nh6+ $2 gxh6 31. Qc3 Ne2+ $19) (30.
Qc3 $2 Ne2+ $19) 30... Rxd2 31. Rxd2 (31. Qxd2 $2 Rxe4 32. Qd8 Qxd8 33. Rxd8 f6
$1 (33... Ne6 34. Rc8 $44 {/\ Bxg7,Rxc6})) 31... Ne6 32. Qc3 h5 (32... Qh2 $2
33. Nh6+ $18) 33. g3 (33. Rd3) 33... c5 34. bxc5 Qxc5 35. Nh6+ Kh7 (35... gxh6
$4 36. Qh8#) 36. Qxc5 Nxc5 37. Nxf7 Nxe4 38. Re2 {/\ Rxe4,Ng5+} (38. Rd5 $2 b4
39. axb4 Bxb4 $17) 38... Kg8 39. Ng5 Nd6 40. Rxe8 Nxe8 41. Ne6 Be7 42. Nd4 Nd6
43. Bc1 Bf6 44. Nc2 Nf5 45. g4 hxg4 46. hxg4 Nd4 47. Nxd4 Bxd4 48. f4 Kf7
1/2-1/2

[Event "Linares 11th"]
[Site "Linares"]
[Date "1993.??.??"]
[Round "5"]
[White "Jussupow, Artur"]
[Black "Kramnik, Vladimir"]
[Result "1/2-1/2"]
[WhiteElo "2645"]
[BlackElo "2685"]
[Annotator "Hertneck,G"]
[PlyCount "108"]
[EventDate "1993.02.??"]
[EventType "tourn"]
[EventRounds "13"]
[EventCountry "ESP"]
[EventCategory "18"]
[SourceTitle "CBM 034"]
[Source "ChessBase"]
[SourceDate "1993.06.01"]
[SourceVersion "1"]
[SourceVersionDate "1993.06.01"]
[SourceQuality "1"]

1. d4 d5 2. Nf3 c6 3. c4 Nf6 4. e3 Bf5 5. cxd5 cxd5 6. Qb3 Qc7 7. Bd2 e6 8. Na3
$5 (8. Bb5+ Nc6 9. Bb4 Bd6 $1 $10) 8... Nc6 9. Rc1 a6 $146 (9... Ne4 10. Bb5
Nxd2 11. Nxd2 Rc8 12. O-O $14 {Reshevsky,S-Capablanca,J, Baden 1937}) 10. Qa4
$1 Be7 $1 (10... Rc8 $2 11. Ne5 $16) (10... Bxa3 $6 11. Qxa3 Qe7 12. Bb5 Qxa3
13. Bxc6+ bxc6 14. bxa3 $14) 11. Bb5 (11. Ne5 O-O 12. Nxc6 bxc6 {/\ Rfb8~/=
><b2, פa3}) 11... O-O 12. Bxc6 bxc6 13. Ne5 (13. Qxc6 Qxc6 14. Rxc6 Rfb8 $44)
(13. Rxc6 Qb7 $44) 13... c5 $13 14. O-O Rfc8 15. f3 Qb7 16. Bc3 Bd6 17. Nb1 Qb5
18. Qd1 cxd4 19. Bxd4 Nd7 20. Nxd7 Qxd7 21. f4 f6 22. Rxc8+ Rxc8 23. Nc3 Qb7
24. g4 Bg6 25. f5 Bf7 26. fxe6 Bxe6 27. Rf2 Qf7 28. Rg2 Be5 29. Qf3 Rc4 30. Ne2
Qg6 31. h3 Qb1+ 32. Qf1 Qd3 33. Rf2 Bxd4 34. exd4 h5 35. Nf4 Qe3 36. Kh2 Rxd4
37. Nxh5 Bf7 38. Ng3 Bg6 39. Re2 Rd2 40. Rxd2 Qxd2+ 41. Qe2 Qd4 42. h4 Kh7 43.
Kh3 a5 44. b3 Qc3 45. h5 Be4 46. Kh4 Bb1 47. Qd1 Bxa2 48. Qxd5 Bxb3 49. Qe4+
Kh8 50. Qe8+ Bg8 51. h6 gxh6 52. Qf8 Qc7 53. Qxf6+ Qg7 54. Qd6 Qg5+ 1/2-1/2

[Event "Linares 11th"]
[Site "Linares"]
[Date "1993.??.??"]
[Round "6"]
[White "Ivanchuk, Vassily"]
[Black "Kramnik, Vladimir"]
[Result "0-1"]
[WhiteElo "2710"]
[BlackElo "2685"]
[Annotator "Kramnik,V"]
[PlyCount "66"]
[EventDate "1993.02.??"]
[EventType "tourn"]
[EventRounds "13"]
[EventCountry "ESP"]
[EventCategory "18"]
[SourceTitle "CBM 034"]
[Source "ChessBase"]
[SourceDate "1993.06.01"]
[SourceVersion "1"]
[SourceVersionDate "1993.06.01"]
[SourceQuality "1"]

1. e4 {Boensch Dorfman} c5 2. Nf3 Nc6 3. d4 cxd4 4. Nxd4 Nf6 5. Nc3 d6 6. Bc4
Qb6 7. Nb3 (7. Ndb5 {Dorfman}) 7... e6 8. Bf4 $5 (8. O-O {Dorfman}) (8. Bg5 {
Dorfman}) 8... Ne5 9. Be2 a6 $8 (9... Be7 10. Be3 $1 Qc7 11. Nb5 Qb8 12. f4 $16
) 10. Bg3 (10. Qd2 Qc7) (10. O-O {Boensch} Qc7 11. a4 Bd7 12. Nd2 Be7 13. a5
Rc8 14. Be3 Bc6 15. f4 Ned7 16. Bf3 O-O 17. g4 $6 (17. Qe1 $5) 17... d5 18. e5
Ne8 19. Nb3 g6 20. Bd4 f6 $15 {Sion Castro,M-Gulko,B Leon(4) 1992 0-1 44 -CBM
31}) (10. Be3 {Boensch} Qc7 11. f4 Nc4 12. Bxc4 Qxc4 13. Qf3 d5 14. e5 Ne4 15.
Nxe4 Qxe4 16. Qxe4 dxe4 17. O-O-O $14 {Zaitsev,I-Serper,G Moskow7 op 1991 1-0
41}) 10... h5 $3 (10... Qc7 11. f4 Nc4 12. e5 $1 (12. Bxc4 {Dorfman} Qxc4 13.
Qf3 Bd7 14. O-O-O Rc8 15. f5 $1 $16) 12... dxe5 13. fxe5 Nxe5 (13... Nxb2 $2
14. Qd4) 14. Qd4 Nfd7 15. O-O-O $36) 11. h3 (11. f4 $2 Neg4) (11. f3 Qc7 12.
Qd4 $6 h4 13. Bf2 b5 $1 14. a4 Nc6 15. Qd2 b4 16. Na2 d5 $1 $132) (11. f3 $5 {
Boensch}) 11... Qc7 (11... g5 $5 {Dorfman}) 12. f4 (12. a4 Bd7 $1 13. Qd4 Rc8
$10) 12... Nc4 13. Bxc4 (13. Qd4 b5 14. e5 (14. a4 e5 $1) 14... dxe5 15. fxe5
Bb7 16. O-O Rd8 17. Qf2 Ne4 18. Nxe4 Bxe4 $13) 13... Qxc4 14. Qf3 h4 $1 (14...
Bd7 {Dorfman} 15. O-O-O Rc8 16. Bh4) 15. Bh2 (15. Bf2 b5 $1 16. e5 (16. O-O-O
Qc7 $15) 16... Nd5 17. Nxd5 Qxd5 18. Qxd5 exd5 19. O-O-O dxe5 20. fxe5 Bf5 $1
$10) (15. Bf2 $5 {Dorfman}) 15... Bd7 (15... b5 $2 16. e5 Nd5 17. Nxd5 Qxd5 18.
Qxd5 exd5 19. exd6 Bxd6 20. O-O-O $16) 16. O-O-O Rc8 17. Rhe1 (17. Rd2) (17. e5
{Dorfman} Bc6 18. Qf2 Ne4 $17) (17. Rd2 $5 {Boensch}) 17... b5 $1 18. Qf2 $2 (
18. a3) (18. Rd2 $10) (18. Rd2 $5 {Boensch}) 18... Qc7 $1 19. e5 (19. a3 a5 $40
) 19... b4 20. Rd3 $5 (20. exf6 bxc3 21. f5 cxb2+ (21... e5 $17 {Boensch}) 22.
Kb1 e5 $1 23. fxg7 Bxg7 $17) (20. Nb1 {Dorfman} dxe5 (20... Nh5) 21. fxe5 Nh5 (
21... g6 22. Bf4)) 20... dxe5 21. fxe5 bxc3 (21... Nh5 {Dorfman} 22. Ne4) 22.
Rxc3 (22. exf6 Qxh2 (22... cxb2+ {Boensch} 23. Kb1 Qxh2 24. Qd4 Qc7 $19) 23.
Rxd7 $1 Qg3 $1 24. Qxg3 hxg3 25. Ra7 cxb2+ 26. Kxb2 gxf6 27. Rxa6 f5 $17) 22...
Qxc3 $5 (22... Qb8) (22... Qb8 {Dorfman} 23. Rxc8+ Bxc8 24. Rf1 Rh7 $1 (24...
Rg8 $2 25. g4 $1 $16)) 23. bxc3 Ba3+ 24. Kd2 $2 (24. Kb1 $1 Nd5 25. Bf4 $1 {
/\ Bc1}) (24. Kb1 $5 {Boensch}) 24... Nd5 25. Re4 Rxc3 26. Rg4 (26. Rd4 {
Dorfman} Bb2) (26. Qa7 {Dorfman} Bc8) (26. Rxh4 {Dorfman} O-O 27. Qe2 Rfc8 28.
Qh5 Rxc2+ 29. Ke1 Bb4+ 30. Kf1 Bb5+ 31. Kg1 Rc1+ 32. Nxc1 Rxc1+ 33. Kf2 Rf1+
34. Kg3 Be1+ 35. Kg4 Ne3+ $19) 26... O-O $1 27. Qxh4 Rfc8 28. Nd4 Bb4 29. Ke2 (
29. Kc1 {Dorfman} Ne3) 29... Bb5+ $1 30. Nxb5 (30. Kf2 Rxc2+ $1 31. Nxc2 Rxc2+
32. Kf3 (32. Kg3 Be1+) (32. Kg1 Rc1+ 33. Kf2 Be1+) 32... Be2+ 33. Ke4 (33. Kg3
Be1#) 33... Rc4#) 30... Rxc2+ 31. Kf3 (31. Kd3 axb5 32. Rxb4 R8c3+ 33. Ke4 Rc4+
$19) 31... axb5 32. Rxb4 Nxb4 33. Qxb4 R8c3+ (33... R8c3+ {Boensch} 34. Ke4
Rc4+ $19) 0-1

[Event "Linares 11th"]
[Site "Linares"]
[Date "1993.??.??"]
[Round "8"]
[White "Salov, Valery"]
[Black "Kramnik, Vladimir"]
[Result "1-0"]
[WhiteElo "2660"]
[BlackElo "2685"]
[Annotator "Ftacnik,L"]
[PlyCount "80"]
[EventDate "1993.02.??"]
[EventType "tourn"]
[EventRounds "13"]
[EventCountry "ESP"]
[EventCategory "18"]
[SourceTitle "CBM 034"]
[Source "ChessBase"]
[SourceDate "1993.06.01"]
[SourceVersion "1"]
[SourceVersionDate "1993.06.01"]
[SourceQuality "1"]

1. c4 {Anand} e5 2. Nc3 Bb4 3. Nd5 Bd6 4. d4 $1 c6 (4... Nc6 5. Nf3 e4 6. Ng5
f5 (6... Nf6 7. a3 $1) 7. c5 $1) 5. dxe5 Bxe5 6. Nf3 d6 7. Nxe5 (7. Nc3 Bxc3+
8. bxc3 $14) 7... dxe5 8. Nc3 Qxd1+ 9. Nxd1 Be6 $2 (9... a5 10. Nc3 Nf6 11. b3
Na6 12. Bb2 Bf5 $1 $10) 10. b3 a5 (10... Nf6 11. Bb2 Nbd7 $14) 11. Bb2 $1 f6
12. Nc3 Na6 13. O-O-O Nh6 14. h3 (14. e3 Ng4 15. Ne4 Nb4 16. h3 $1) 14... Nf7
15. e3 O-O (15... Ke7 16. Ba3+ Nb4 17. Na4 Nd6 $1 $132) 16. Be2 Nb4 17. f4 b5
$1 18. g4 (18. cxb5 cxb5 19. Bxb5 Rfc8 20. Kd2 (20. Kb1 exf4 21. exf4 Bf5+)
20... exf4 21. exf4 Nd6 $1 $132) 18... exf4 (18... bxc4 19. f5 Bc8 (19... Bd5
20. e4) 20. Bxc4 Ba6 21. a3 Bxc4 22. bxc4 Na6 23. Ne4 Rfd8 24. Bc3 a4 25. Ba5
$14) (18... a4 $2 {Anand} 19. a3) 19. exf4 bxc4 20. bxc4 f5 21. a3 Na6 22. Na4
Rab8 23. Rhg1 fxg4 24. hxg4 Rfe8 25. Rd2 Nd8 26. f5 (26. Rg3 Nb7 27. Be5 Rbd8
28. Re3 $1 Nbc5 $2 29. Nxc5 Nxc5 30. Rxd8 Rxd8 31. Bc7 $1 Ra8 32. Bd6 $1 $18)
26... Bf7 27. g5 Nb7 28. g6 hxg6 29. fxg6 Be6 30. Rg5 $1 Rbd8 $1 31. Rxd8 Rxd8
32. Re5 Re8 $1 33. Kd2 (33. Bg4 Nc7 (33... Nac5 $2 34. Nxc5 Nxc5 35. Kc2 $1 Bd7
36. Bxd7 Rxe5 37. Bxe5 Nxd7 38. Bd6 Nf8 39. Kb3 $18) 34. Bf3 Bxc4 35. Bxc6 Rxe5
36. Bxe5 Nd8) 33... Nd6 34. Bd4 Nc7 35. Kc3 Bf5 $1 36. Bd3 (36. Nc5 Bxg6 37.
Bf3 Ncb5+ $1 38. cxb5 Nxb5+ 39. Kc4 Bf7+ 40. Kd3 Rd8 $36) 36... Bxd3 37. Kxd3
Rd8 $2 (37... Ne6 $1 $14) 38. Nc5 Na8 39. Ne4 Nxe4 40. Kxe4 Nc7 (40... Nc7 41.
Bb6 Rc8 42. Bxc7 Rxc7 43. Re8#) 1-0

[Event "Dortmund"]
[Site "Dortmund"]
[Date "1993.??.??"]
[Round "1"]
[White "Kramnik, Vladimir"]
[Black "Dolmatov, Sergey"]
[Result "1/2-1/2"]
[WhiteElo "2685"]
[BlackElo "2615"]
[Annotator "Konikowski,J"]
[PlyCount "37"]
[EventDate "1993.04.??"]
[EventType "tourn"]
[EventRounds "7"]
[EventCountry "GER"]
[EventCategory "16"]
[SourceTitle "CBM 035"]
[Source "ChessBase"]
[SourceDate "1993.08.01"]
[SourceVersion "1"]
[SourceVersionDate "1993.08.01"]
[SourceQuality "1"]

1. d4 Nf6 2. c4 g6 3. Nc3 Bg7 4. e4 d6 5. f3 O-O 6. Be3 e5 7. Nge2 c6 8. Qd2
Nbd7 9. d5 cxd5 10. Nxd5 $5 (10. cxd5 $142) 10... Nxd5 11. Qxd5 Nb6 12. Qb5 Bh6
13. Bf2 (13. Bxh6 Qh4+ 14. g3 Qxh6 15. Rd1 Qe3 16. Bg2 Be6 17. b3 Rfd8 18. Qa5
Rac8 19. Qd2 (19. Qxa7 $2 Nxc4 20. Qxb7 Nb2 $19) (19. Qc3 Qc5 $1) 19... Qxd2+ (
19... Qc5 20. h4 $5 $13) 20. Rxd2 Kf8 21. Kf2 Ke7 22. f4 Rc7 $13) 13... Bd7 (
13... Be6 14. Nc3 Qc7 15. b3 Rfd8 16. Be2 {/\Rd1+/=}) 14. Qb4 Na4 15. Nc3 (15.
b3 Nc5 16. Bxc5 dxc5 17. Qxc5 b6 18. Qd6 (18. Qxe5 $4 Bg7 $19) 18... Be6 19.
Rd1 Qxd6 20. Rxd6 Rfd8 21. Rxd8+ Rxd8 22. g3 Be3 $44) 15... Nxc3 16. Qxc3 b5 (
16... Qc7 17. Rd1 Be6 (17... Bc6 18. Be2 f5 19. c5 $1 $36) 18. Be2 Rac8 19. O-O
b6 (19... Bxc4 20. Bxc4 Qxc4 21. Qxc4 Rxc4 22. Rxd6 Rc2 23. Rb1 Rfc8 24. Rd7
Rc1+ 25. Rd1 R1c2 26. Rd7 Rc1+ 27. Rd1 R1c2 28. Rd7 $10) 20. b3 Rfd8 $13) 17.
Rd1 (17. cxb5 $5) 17... bxc4 18. Bxc4 Rc8 19. b3 1/2-1/2